000
00264nam a2200097Ia 4500
001
695464
005
20250826161953.0
008
250824s9999 xx 000 0 und d
245
0
_a
HACI MURAT (ANTİK OKUL KLASİKLERİ)
_c
TOLSTOY
260
_b
ANTİK DÜNYA KLASİKLERİ
999
_c
695464
_d
695464